书目信息 |
| 题名: |
英国荒岛文学
|
|
| 作者: | 魏颖超 著 | |
| 分册: | ||
| 出版信息: | 北京 外语教学与研究出版社 2001.10 |
|
| 页数: | 456页 | |
| 开本: | 20cm | |
| 丛书名: | ||
| 单 册: | ||
| 中图分类: | I561.064 | |
| 科图分类: | ||
| 主题词: | 近代文学--文学评论--英国 | |
| 电子资源: | ||
| ISBN: | 7-5600-2471-8 | |
| 000 | 00563nam0 2200193 45 | |
| 001 | 0301131475 | |
| 005 | 20031219104103.4 | |
| 010 | @a7-5600-2471-8@dCNY18.90 | |
| 100 | @a20030113d2001 km y0chiy0120 ea | |
| 101 | 0 | @achi |
| 105 | @a z 000zy | |
| 200 | 1 | @a英国荒岛文学@AYing Guo Huang Dao Wen Xue@f魏颖超著@FWei Ying Chao Zhu |
| 210 | @a北京@c外语教学与研究出版社@d2001.10 | |
| 215 | @a456页@d20cm | |
| 606 | 0 | @a近代文学@x文学评论@y英国 |
| 690 | @aI561.064@v4 | |
| 701 | 0 | @a魏颖超@4著 |
| 801 | @aCN@bTSTC@c20030113 | |
| 905 | @b319241-243@dI561.064@e313@f3 | |
| 英国荒岛文学/魏颖超著.-北京:外语教学与研究出版社,2001.10 |
| 456页;20cm |
| ISBN 7-5600-2471-8:CNY18.90 |
| ● |
| 相关链接 |
|
|
|
|
正题名:英国荒岛文学
索取号:I561.064/313
 
预约/预借
| 序号 | 登录号 | 条形码 | 馆藏地/架位号 | 状态 | 备注 |
| 1 | 0319241 | 203192419 | 第二借阅区/ [索取号:I561.064/313] | 在馆 | |
| 2 | 0319242 | 203192428 | 第二借阅区/ [索取号:I561.064/313] | 在馆 | |
| 3 | 0319243 | 203192437 | 第一样本阅览室/ [索取号:I561.064/313] | 在馆 |